মুক্তিযুদ্ধ : (Record no. 49117)
[ view plain ]
| 000 -LEADER | |
|---|---|
| fixed length control field | 00952nam a2200229 a 4500 |
| 001 - CONTROL NUMBER | |
| control field | 49117 |
| 003 - CONTROL NUMBER IDENTIFIER | |
| rucl marc code | BD-RjUL |
| 005 - DATE AND TIME OF LATEST TRANSACTION | |
| control field | 20211209054634.0 |
| 008 - FIXED-LENGTH DATA ELEMENTS--GENERAL INFORMATION | |
| fixed length control field | 160817s1987 BG ||||| |||| 00| 0 ben d |
| 020 ## - INTERNATIONAL STANDARD BOOK NUMBER | |
| Terms of availability | :TK. 50.00 |
| 035 ## - SYSTEM CONTROL NUMBER | |
| System control number | (BD-RjUL)49236 |
| 040 ## - CATALOGING SOURCE | |
| Original cataloging agency | BD-RjUL |
| Language of cataloging | ben |
| Transcribing agency | BD-RjUL |
| 041 ## - LANGUAGE CODE | |
| Language code of text/sound track or separate title | ben |
| 082 ## - DEWEY DECIMAL CLASSIFICATION NUMBER | |
| Edition number | 23 |
| Classification number | 891.44108 |
| Author mark and year | MUK 1987 |
| 245 00 - TITLE STATEMENT | |
| Title | মুক্তিযুদ্ধ : |
| Statement of responsibility, etc. | সাইফুল্লাহ মাহমুদ দুলাল , সম্পাদিত |
| Remainder of title | নির্বাচিত কবিতা / |
| 260 ## - PUBLICATION, DISTRIBUTION, ETC. (IMPRINT) | |
| Place of publication, distribution, etc. | ঢাকা : |
| Name of publisher, distributor, etc. | নওরোজ কিস্তিবিতান, |
| Date of publication, distribution, etc. | ১৯৮৭ |
| 300 ## - PHYSICAL DESCRIPTION | |
| Pagination | ১৬৪ পৃ. ; |
| Size | ১৭ সেমি. |
| 650 ## - SUBJECT ADDED ENTRY--TOPICAL TERM | |
| Topical term or geographic name as entry element | বাংলা কবিতা |
| 9 (RLIN) | 147674 |
| General subdivision | সংগ্রহ |
| Topical term or geographic name as entry element | Bengali Poetry |
| 9 (RLIN) | 147702 |
| General subdivision | Collection |
| 700 ## - ADDED ENTRY--PERSONAL NAME | |
| Personal name | দুলাল, সাইফুল্লাহ মাহমুদ, সম্পাদিত |
| 942 ## - ADDED ENTRY ELEMENTS (KOHA) | |
| Source of classification or shelving scheme | Dewey Decimal Classification |
| Koha item type | Books |
| Lost status | Source of classification or shelving scheme | Damaged status | Not for loan | Collection code | Permanent Location | Current Location | Shelving location | Date acquired | Source of acquisition | Cost, normal purchase price | Total Checkouts | Full call number | Date last seen | Date checked out | Copy number | Koha item type |
|---|---|---|---|---|---|---|---|---|---|---|---|---|---|---|---|---|
| Dewey Decimal Classification | Non-fiction | Central Library, University of Rajshahi | Central Library, University of Rajshahi | 17/10/1987 | Nawroge | 50.00 | 1 | B 891.44108 MUK 1987 | 17/05/2018 | 27/02/2018 | C-2 | Books |